00473nam a2200133Ia 4500008004100000024006000041082001900101100006400120245005200184260002600236600002700262650003300289999001700322260210s9999 xx 000 0 und d a11B-138-EL, 11B-150-EL, 11B-153-EL & 11B-158-EL a629.895072 TAL aTalha Ali Khan, Bilal Khan, Shahrukh Ahmed & Arshad Ali 0aIndustrial Security Control System by Using PLC aKarachi:bUITU,c2011 aElectrical Engineering aBachelor of Engineering (BE) c33192d33192